000 00233nam a22000857a 4500
008 170209b xxu||||| |||| 00| 0 eng d
100 _92841
_aReader`s Dighest
245 _aGenesis: in the begining
260 _aNew York
_bReaders Digest
_c1987
999 _c6058
_d6058